|
|
|
|
| LEADER |
01690nom a2200409 u 4500 |
| 001 |
10090523 |
| 003 |
upatras |
| 005 |
20210302075659.0 |
| 008 |
110802s2010 eng |
| 020 |
|
|
|a 9783642119286
|
| 040 |
|
|
|a GR-PaULI
|c GR-PaULI
|
| 041 |
0 |
|
|a eng
|
| 100 |
1 |
|
|a Kwuida, LΓonard
|9 94091
|
| 245 |
1 |
0 |
|a Formal Concept Analysis
|h [electronic resource]
|b 8th International Conference, ICFCA 2010, Agadir, Morocco, March 15-18, 2010. Proceedings
|c edited by LΓonard Kwuida, BarΔ±Ε Sertkaya
|
| 260 |
|
|
|a Berlin, Heidelberg
|b Springer-Verlag Berlin Heidelberg
|c 2010
|
| 300 |
|
|
|b v.: digital
|
| 490 |
0 |
|
|a Lecture Notes in Computer Science
|v 5986
|x 0302-9743
|
| 650 |
|
4 |
|a Computer science
|9 13995
|
| 650 |
|
4 |
|a Computational complexity
|9 20484
|
| 650 |
|
4 |
|a Data mining
|9 20947
|
| 650 |
|
4 |
|a Άλγεβρα
|9 105
|
| 650 |
|
4 |
|a Computer Science
|9 64565
|
| 650 |
|
4 |
|a Artificial Intelligence (incl. Robotics)
|9 64267
|
| 650 |
|
4 |
|a Artificial Intelligence (incl. Robotics)
|9 64267
|
| 650 |
|
4 |
|a Data Mining and Knowledge Discovery
|9 65360
|
| 650 |
|
4 |
|a Mathematical Logic and Formal Languages
|9 67086
|
| 650 |
|
4 |
|a Discrete Mathematics in Computer Science
|9 64594
|
| 650 |
|
4 |
|a Αλγεβρικές δομές
|9 50788
|
| 650 |
|
4 |
|9 84642
|a Τεχνητή νοημοσύνη
|
| 700 |
1 |
|
|a Sertkaya, BarΔ±Ε
|9 94092
|
| 710 |
2 |
|
|a SpringerLink (Online service)
|9 68735
|
| 760 |
1 |
|
|a Lecture notes in computer science
|g 5986
|x 0302-9743
|
| 852 |
|
|
|a GR-PaULI
|b ΠΑΤΡΑ
|b ΒΚΠ
|
| 856 |
4 |
0 |
|u http://dx.doi.org/10.1007/978-3-642-11928-6
|
| 942 |
|
|
|2 ddc
|
| 952 |
|
|
|0 0
|1 0
|4 0
|7 0
|9 98437
|a LISP
|b LISP
|d 2016-04-24
|l 0
|r 2016-04-24 00:00:00
|w 2016-04-24
|y ERS
|
| 999 |
|
|
|c 66223
|d 66223
|